| 000 | 00716nam a2200265Ia 4500 | ||
|---|---|---|---|
| 003 | OSt | ||
| 005 | 20221006153628.0 | ||
| 006 | a|||||r|||| 00| 0 | ||
| 007 | ta | ||
| 008 | 221006b |||||||| |||| 00| 0 jpn d | ||
| 020 |
_a9784336047205 _c¥3800 |
||
| 024 | _a32,895 | ||
| 037 |
_bGift, Japan Foundation _cTextual |
||
| 040 |
_aEASL _cEASL _bjpn |
||
| 041 |
_2jpn _ajpn |
||
| 082 | _aO42:(P:4k), P5 | ||
| 100 |
_aNochi Ryojo _9664734 |
||
| 245 | 0 | _aNihongo shuji jiten | |
| 260 |
_aTokyo _bKokushokankai Japan _c2005 |
||
| 300 |
_a386p. _ccm. |
||
| 490 | _v RR | ||
| 650 | _aJL | ||
| 942 |
_hO42:(P:4k), P5 _cTEXL _2CC |
||
| 999 |
_c1100981 _d1100981 |
||